| Tag |
First Indicator |
Second Indicator |
Subfields |
| LEADER |
00000cam a22000008i 4500 |
| 001 |
in00004575607 |
| 006 |
m o d |
| 007 |
cr ||||||||||| |
| 008 |
211209s2022 ne ob 001 0 eng |
| 005 |
20220513221108.1 |
| 010 |
|
|
|a 2021058287
|
| 035 |
|
|
|a (OCoLC)on1288424288
|
| 040 |
|
|
|a DLC
|b eng
|e rda
|c DLC
|d OCLCF
|d OCLCO
|d JSTOR
|
| 019 |
|
|
|a 1288149230
|
| 020 |
|
|
|a 9789004506251
|q (ebook)
|
| 020 |
|
|
|a 900450625X
|
| 020 |
|
|
|z 9789004506244
|q (hardback ;
|q acid-free paper)
|
| 035 |
|
|
|a (OCoLC)1288424288
|z (OCoLC)1288149230
|
| 037 |
|
|
|a 22573/ctv2gdkm95
|b JSTOR
|
| 042 |
|
|
|a pcc
|
| 050 |
0 |
0 |
|a PJ6696
|
| 072 |
|
7 |
|a LAN
|x 024000
|2 bisacsh
|
| 072 |
|
7 |
|a LAN
|x 009000
|2 bisacsh
|
| 082 |
0 |
0 |
|a 492.7/5
|2 23/eng/20211209
|
| 049 |
|
|
|a TXAM
|
| 100 |
1 |
|
|a Van Putten, Marijn,
|e author.
|
| 245 |
1 |
0 |
|a Quranic Arabic :
|b from its Hijazi origins to its classical reading traditions /
|c by Marijn van Putten.
|
| 263 |
|
|
|a 2203
|
| 264 |
|
1 |
|a Leiden ;
|a Boston :
|b Brill,
|c [2022]
|
| 300 |
|
|
|a 1 online resource.
|
| 336 |
|
|
|a text
|b txt
|2 rdacontent
|
| 337 |
|
|
|a computer
|b c
|2 rdamedia
|
| 338 |
|
|
|a online resource
|b cr
|2 rdacarrier
|
| 490 |
0 |
|
|a Studies in Semitic languages and linguistics,
|x 0081-8461 ;
|v volume 106
|
| 504 |
|
|
|a Includes bibliographical references and index.
|
| 520 |
|
|
|a "What was the language of the Quran like, and how do we know? Today, the Quran is recited in ten different reading traditions, whose linguistic details are mutually incompatible. This work uncovers the earliest linguistic layer of the Quran. It demonstrates that the text was composed in the Hijazi vernacular dialect, and that in the centuries that followed different reciters started to classicize the text to a new linguistic ideal, the ideal of the arabiyyah. This study combines data from ancient Quranic manuscripts, the medieval Arabic grammarians and ample data from the Quranic reading traditions to arrive at new insights into the linguistic history of Quranic Arabic"--
|c Provided by publisher.
|
| 588 |
|
|
|a Description based on print version record and CIP data provided by publisher; resource not viewed.
|
| 630 |
0 |
0 |
|a Qurʼan
|x Language, style.
|
| 630 |
0 |
7 |
|a Qurʼan.
|2 fast
|0 (OCoLC)fst01842877
|
| 650 |
|
0 |
|a Arabic language
|x Grammar.
|
| 650 |
|
6 |
|a Arabe (Langue)
|x Grammaire.
|
| 650 |
|
7 |
|a Arabic language
|x Grammar.
|2 fast
|0 (OCoLC)fst00812341
|
| 650 |
|
7 |
|a LANGUAGE ARTS & DISCIPLINES / Linguistics / Etymology
|2 bisacsh
|
| 655 |
|
7 |
|a Electronic books.
|2 local
|
| 710 |
2 |
|
|a JSTOR (Organization)
|
| 776 |
0 |
8 |
|i Print version:
|a Van Putten, Marijn.
|t Quranic Arabic
|d Leiden ; Boston : Brill, [2022]
|z 9789004506244
|w (DLC) 2021058286
|
| 856 |
4 |
0 |
|u https://www.jstor.org/stable/10.1163/j.ctv2gjwx0j
|z Connect to the full text of this electronic book
|t 0
|
| 955 |
|
|
|a JSTOR Open Access ebooks
|
| 994 |
|
|
|a 92
|b TXA
|
| 999 |
f |
f |
|s d7238492-c51e-4813-bd48-597a2a3896a6
|i d7238492-c51e-4813-bd48-597a2a3896a6
|t 0
|
| 952 |
f |
f |
|a Texas A&M University
|b College Station
|c Electronic Resources
|d Available Online
|t 0
|e PJ6696
|h Library of Congress classification
|
| 998 |
f |
f |
|a PJ6696
|t 0
|l Available Online
|